Statistiques concernant Les plus grandes villes de l'UE

Cliquez ici pour prendre le quiz!

Statistiques générales

  • Ce quiz a été pris 1 467 fois
    (593 depuis la dernière actualisation)
  • Le résultat moyen est 43 sur 87

Statistiques - réponses

PopulationVilles% Correct
2 229 621Paris
100%
855 393Marseille
97%
3 469 849Berlin
96%
500 715Lyon
95%
3 207 247Madrid
95%
2 863 322Rome
95%
1 611 822Barcelone
92%
1 324 169Milan
88%
810 937Amsterdam
86%
664 046Athènes
85%
547 733Lisbonne
85%
1 848 656Vienne
85%
1 724 404Varsovie
84%
1 493 900Munich
83%
1 883 425Bucarest
82%
1 735 711Budapest
82%
902 137Turin
81%
989 111Naples
80%
897 700Stockholm
79%
620 715Helsinki
77%
458 298Toulouse
77%
569 557Copenhague
76%
1 243 201Prague
76%
700 169Séville
75%
688 163Zagreb
75%
342 295Nice
74%
527 612Dublin
73%
618 357Rotterdam
71%
1 766 537Hambourg
69%
1 212 935Sofia
68%
792 303Valence
67%
720 750Francfort
65%
643 368Riga
63%
529 022Vilnius
60%
758 992Cracovie
59%
377 207Florence
59%
417 389Bratislava
58%
1 046 680Cologne
56%
349 356Bilbao
55%
678 492Palerme
54%
507 911Anvers
52%
604 527Düsseldorf
49%
596 958Gênes
49%
580 511Dortmund
47%
520 838Leipzig
46%
614 030Stuttgart
45%
568 479Malaga
44%
508 940La Haye
43%
312 994Malmö
43%
384 202Bologne
40%
501 072Nuremberg
40%
551 767Brême
39%
533 271Göteborg
35%
315 196Thessalonique
35%
323 893Bari
34%
525 105Dresde
34%
526 294Hanovre
34%
411 763Tallinn
34%
461 531Gdańsk
31%
682 004Saragosse
31%
315 576Catane
26%
573 784Essen
26%
309 869Bonn
25%
711 332Łódź
23%
438 246Murcie
22%
377 508Brno
21%
328 164Utrecht
21%
324 576Cluj-Napoca
20%
335 052Alicante
19%
632 067Wrocław
19%
548 028Poznań
18%
304 362Katowice
16%
398 162Palma de Majorque
16%
328 704Cordoue
14%
383 050Las Palmas
14%
309 714Valladolid
13%
323 893Aarhus
11%
343 598Lublin
11%
328 314Bielefeld
10%
485 465Duisbourg
10%
334 688Varna
10%
339 077Plovdiv
9%
319 279Timișoara
8%
362 213Bochum
7%
342 885Wuppertal
7%
408 172Szczecin
6%
359 428Bydgoszcz
5%

Distribution des résultats

Percentile par nombre de réponses

% des personnes avec chaque résultat

Votre développement - résultats

Vous n’avez pas pris ce quiz depuis la dernière actualisation